CD Leganés Squad 2018-2019 - Statistics

General Stats
  • This quiz has been taken 10 times
  • The average score is 22 of 33
Answer Stats
# Position Nation Player % Correct
25 FW Denmark Martin Braithwaite
100%
26 FW Morocco Youssef En-Nesyri
100%
29 GK Ukraine Andriy Lunin
88%
22 DF Greece Dimitrios Siovas
88%
1 GK Spain Iván Cuéllar
88%
13 GK Spain Jon Ander Serantes
88%
24 DF Nigeria Kenneth Omeruo
88%
- Coach Argentina Mauricio Pellegrino
88%
10 FW Morocco Nabil El Zhar
88%
27 MF Spain Óscar Rodríguez
88%
21 MF Spain Rubén Pérez
88%
11 FW Argentina Alexander Szymanowski
75%
12 DF Cameroon Allan Nyom
75%
4 FW Uruguay Diego Rolán
75%
19 DF Argentina Ezequiel Muñoz
75%
9 FW Argentina Guido Carrillo
75%
5 DF Argentina Jonathan Silva
75%
3 DF Spain Unai Bustinza
75%
14 DF Ukraine Vasyl Kravets
75%
17 MF Spain Javier Eraso
63%
15 DF Spain Rodrigo Tarín
63%
4 DF Mexico Diego Reyes
50%
16 FW Spain José Arnáiz
50%
2 DF Spain Juanfran Moreno
50%
15 DF Argentina Mauro Dos Santos
50%
14 DF Spain Raul Carnero
50%
8 MF Spain Recio
50%
13 GK Spain Andrés Prieto
38%
7 FW Spain Dani Ojeda
38%
6 MF Spain Gerard Gumbau
38%
20 FW Uruguay Michael Santos
38%
23 MF Spain Mikel Vesga
38%
18 FW Spain Sabin Merino
38%
No matching quizzes found
Score Distribution
Percent of People with Each Score
Percentile by Number Answered
Your Score History
You have not taken this quiz